Critical reading and writng for postgraduates (Record no. 62628)
[ view plain ]
| 000 -LEADER | |
|---|---|
| fixed length control field | 01465nam a2200241 a 4500 |
| 008 - FIXED-LENGTH DATA ELEMENTS--GENERAL INFORMATION | |
| fixed length control field | 120206s2006 ||||||||||||||||| || u |
| 020 ## - INTERNATIONAL STANDARD BOOK NUMBER | |
| International Standard Book Number | 9781412902229 |
| 050 ## - LIBRARY OF CONGRESS CALL NUMBER | |
| Classification number | LB 2395.3 Wal |
| 100 ## - MAIN ENTRY--PERSONAL NAME | |
| Personal name | Wallace, Mike |
| 245 10 - TITLE STATEMENT | |
| Title | Critical reading and writng for postgraduates |
| Statement of responsibility, etc. | by Mike Wallace and Alison Wray |
| 260 ## - PUBLICATION, DISTRIBUTION, ETC. | |
| Place of publication, distribution, etc. | London: |
| Name of publisher, distributor, etc. | SAGE Publications |
| Date of publication, distribution, etc. | 2006 |
| 300 ## - PHYSICAL DESCRIPTION | |
| Extent | xiii, 223p.: ill. |
| 350 ## - PRICE (NR) (BK AM CF MU VM SE) [OBSOLETE] | |
| Price | 0.00 |
| 490 ## - SERIES STATEMENT | |
| Series statement | SAGE Study Skills |
| 650 #0 - SUBJECT ADDED ENTRY--TOPICAL TERM | |
| Topical term or geographic name entry element | READING (HIGHER EDUCATION) |
| 650 #0 - SUBJECT ADDED ENTRY--TOPICAL TERM | |
| Topical term or geographic name entry element | CRITICAL THINKING--STUDY AND TEACHING (HIGHER) |
| 700 ## - ADDED ENTRY--PERSONAL NAME | |
| Personal name | Wray, Alison |
| 995 ## - RECOMMENDATION 995 [LOCAL, UNIMARC FRANCE] | |
| -- | CBU-MAIN LIBRARY (Kitwe) |
| -- | 0.00 |
| -- | 2 |
| -- | AVAILABLE |
| -- | Jun 11, 2013 |
| -- | Annex Low-Usage Collection |
| 995 ## - RECOMMENDATION 995 [LOCAL, UNIMARC FRANCE] | |
| -- | CBU-KAPASA MAKASA LIBRARY (Chinsali) |
| -- | 0.00 |
| -- | 4 |
| -- | AVAILABLE |
| -- | Apr 5, 2017 |
| -- | Kapasa Makasa Library Open Acess Collection |
| 995 ## - RECOMMENDATION 995 [LOCAL, UNIMARC FRANCE] | |
| -- | CBU-MAIN LIBRARY (Kitwe) |
| -- | 0.00 |
| -- | 3 |
| -- | AVAILABLE |
| -- | Jun 11, 2013 |
| -- | Annex Low-Usage Collection |
| 995 ## - RECOMMENDATION 995 [LOCAL, UNIMARC FRANCE] | |
| -- | CBU-MAIN LIBRARY (Kitwe) |
| -- | 0.00 |
| -- | 1 |
| -- | AVAILABLE |
| -- | Jun 11, 2013 |
| -- | Main Library Open Access Collection |
| 995 ## - RECOMMENDATION 995 [LOCAL, UNIMARC FRANCE] | |
| -- | CBU-KAPASA MAKASA LIBRARY (Chinsali) |
| -- | 0.00 |
| -- | 5 |
| -- | AVAILABLE |
| -- | Apr 5, 2017 |
| -- | Kapasa Makasa Library Open Acess Collection |
| Withdrawn status | Lost status | Source of classification or shelving scheme | Damaged status | Not for loan | Home library | Current library | Shelving location | Date acquired | Total Checkouts | Full call number | Barcode | Date last seen | Price effective from | Koha item type |
|---|---|---|---|---|---|---|---|---|---|---|---|---|---|---|
| CBU-MAIN LIBRARY, KITWE. | CBU-MAIN LIBRARY, KITWE. | 12/15/2022 | LB 2395.3 Wal | 742789 | 12/15/2022 | 12/15/2022 | MONOGRAPH | |||||||
| CBU-MAIN LIBRARY, KITWE. | CBU-MAIN LIBRARY, KITWE. | 12/15/2022 | LB 2395.3 Wal | 742790 | 12/15/2022 | 12/15/2022 | MONOGRAPH | |||||||
| CBU-MAIN LIBRARY, KITWE. | CBU-MAIN LIBRARY, KITWE. | 12/15/2022 | LB 2395.3 Wal | 742788 | 12/15/2022 | 12/15/2022 | MONOGRAPH |